书目信息 |
| 题名: |
莱茵河传奇
|
|
| 作者: | 曹乃云 编译 | |
| 分册: | ||
| 出版信息: | 北京 人民文学出版社 2020.01 |
|
| 页数: | 17, 297页 | |
| 开本: | 24cm | |
| 丛书名: | ||
| 单 册: | ||
| 中图分类: | I516.73 | |
| 科图分类: | ||
| 主题词: | 民间故事--min jian gu shi--作品集--德国 | |
| 电子资源: | ||
| ISBN: | 978-7-02-014736-6 | |
| 000 | 00939nam0 2200229 450 | |
| 001 | 2068372213 | |
| 005 | 20201106185944.20 | |
| 010 | @a978-7-02-014736-6@dCNY69.00 | |
| 100 | @a20200102d2020 em y0chiy50 ea | |
| 101 | 0 | @achi |
| 102 | @aCN@b110000 | |
| 105 | @aa z 000fy | |
| 200 | 1 | @a莱茵河传奇@Alai yin he chuan qi@f曹乃云编译 |
| 210 | @a北京@c人民文学出版社@d2020.01 | |
| 215 | @a17, 297页@c图@d24cm | |
| 314 | @a曹乃云, 资深德语翻译家。曾任华东师范大学外语系德语教授。 | |
| 330 | @a本书是一部以莱茵河为中心的民间传说故事集, 由资深德语翻译家曹乃云先生于不同德语文本中选编并翻译。书中包括史前神话、民族趣闻、古代历史等, 是反映莱茵河人文风光的风俗宝库。书中讲述着莱茵河两岸众多古堡和废墟的故事, 向人们叙述着欧洲中世纪和文艺复兴的滔滔历史。 | |
| 606 | 0 | @a民间故事@Amin jian gu shi@x作品集@y德国 |
| 690 | @aI516.73@v5 | |
| 701 | 0 | @a曹乃云@Acao nai yun@4编译 |
| 801 | 0 | @aCN@b人天书店@c20201024 |
| 905 | @aZUCC@dI516.73@eC138 | |
| 莱茵河传奇/曹乃云编译.-北京:人民文学出版社,2020.01 |
| 17, 297页:图;24cm |
| ISBN 978-7-02-014736-6:CNY69.00 |
| 本书是一部以莱茵河为中心的民间传说故事集, 由资深德语翻译家曹乃云先生于不同德语文本中选编并翻译。书中包括史前神话、民族趣闻、古代历史等, 是反映莱茵河人文风光的风俗宝库。书中讲述着莱茵河两岸众多古堡和废墟的故事, 向人们叙述着欧洲中世纪和文艺复兴的滔滔历史。 |
| ● |
| 相关链接 |
|
|
|
正题名:莱茵河传奇
索取号:I516.73/C138
 
预约/预借
| 序号 | 登录号 | 条形码 | 馆藏地/架位号 | 状态 | 备注 |
| 1 | 1483534 | 214835348 | 文学库116/116文学库 18排1列4层/ [索取号:I516.73/C138] | 在馆 | |
| 2 | 1483535 | 214835357 | 文学库116/116文学库 18排1列4层/ [索取号:I516.73/C138] | 在馆 |